| 000 | 00351nam a22001457a 4500 | ||
|---|---|---|---|
| 008 | 230428b ||||| |||| 00| 0 eng d | ||
| 020 | _a0816043353 | ||
| 041 | _aeng | ||
| 080 |
_2REVISED EDITION VOLUME 1 _a030 |
||
| 082 | _a030QUE | ||
| 100 | _a44 | ||
| 101 | _aENCIKLO | ||
| 245 |
_aAMERICAN RELIGIOUS HISTORY _cQUEEN.II .L.E |
||
| 942 |
_2udc _cBK |
||
| 999 |
_c59637 _d59637 |
||